000 00748nam a2200289Ia 4500
005 20260324121752.0
008 008 260324s9999 xx 000 0 eng d
020 _a9781315886244
037 _aEBOOK
040 _aCRL
040 _beng
040 _cCRL
041 _2eng
041 _aeng
084 _qCRL
100 _aJames Gow; Rachel Kerr; Zoran Pajic
_91163806
245 0 _aProsecuting War Crimes
245 0 _bLessons and legacies of the International Criminal Tribunal for the former Yugoslavia
260 _bTaylor and Francis
260 _c2013
365 _a
365 _b265
856 _uhttp://www.taylorfrancis.com/books/9781315886244
942 _cEBOOK
999 _c1756105
_d1756105